• 首页
  • 本馆介绍
  • 公告通知
  • 最新文献
  • 馆藏检索
  • 电子资源
  • 读者导购
  • 参考咨询
  • 我的图书馆
  • 登录
  • 详细信息显示
  • 放入我的书架
  • 预约/预借图书
  • 作者相关作品
  • 分类相关作品
  • 丛书相关作品
  • 出版社相关作品

书目信息

  • 表格格式
  • 工作单格式
  • 卡片格式
题名:
周汝昌梦解红楼
    
 
作者: 周汝昌 著 ;周伦玲 编
分册:  
出版信息: 桂林   漓江出版社  2005
页数: 352页
开本: 21cm
丛书名:
单 册:
中图分类: I207.411-53
科图分类:
主题词:
电子资源:
ISBN: 7-5407-3326-8
000 01098nam0 2200313 450
000 01061nam0 2200301 450
000 01059nam0 2200313 450
000 01005nam0 2200289 450
000 01001nam0 2200277 450
000 00964nam0 2200265 45
001 TS2006045721
005 20061203155507.57
010    @a7-5407-3326-8@dCNY22.00
100    @a20060829d2005 em y0chiy0110 ea
101 0  @achi
102    @aCN@b450000
105    @aa z 000yy
200 1  @a周汝昌梦解红楼@AZhou Ru Chang Meng Jie Hong Lou@f周汝昌著@FZhou Ru Chang Zhu@g周伦玲编
210    @a桂林@c漓江出版社@d2005
215    @a352页@c图@d21cm
330    @a本书精选红学随笔近八十篇,大致分为经历、赏析、版本、考证、人物、传记等几大方面,每篇文章都启发新知,引人入《红楼》之胜境。
605    @a《红楼梦》研究@x文集
690    @aI207.411-53@v4
701  0 @a周汝昌@AZhou Ru Chang@4著
702  0 @a周伦玲@AZhou Lun Ling@4编
801  0 @aCN@b中图数据@c20061203
905    @a10447@dI207.411-53@e516
    
    周汝昌梦解红楼/周汝昌著/周伦玲编.-桂林:漓江出版社,2005
    352页:图;21cm
    
    
    ISBN 7-5407-3326-8:CNY22.00
    本书精选红学随笔近八十篇,大致分为经历、赏析、版本、考证、人物、传记等几大方面,每篇文章都启发新知,引人入《红楼》之胜境。
●
相关链接 在E读中查询图书 在五车中查询图书 在当当中查询图书 在豆瓣中查询图书


正题名:周汝昌梦解红楼     索取号:I207.411-53/516         预约/预借

序号 登录号 条形码 馆藏地/架位号 状态 备注
1 0605869   206058692   第一样本阅览室/ [索取号:I207.411-53/516] 在馆    
2 0605870   206058709   第二借阅区/ [索取号:I207.411-53/516] 在馆    
3 0605871   206058718   第二借阅区/ [索取号:I207.411-53/516] 在馆    
唐山师范学院图书馆 欢迎您!
大连网信软件有限公司© 版权所有